01240nam a22002417a 4500003000800000008004100008037002000049039003900069040003500108041000800143080001000151100004000161245022700201260008600428300002200514502016300536650007700699655002300776700003300799942001300832999001700845952013600862BI-BuBU260421b2025 bd fr|||| 000 0 fre d bDon de l'auteur a20260421151432.0bThacien Mutabazi aBI-BuBUbfrecBI-BuBUdBI-BuBU0 afre a681.31 4aut.aIradukunda, Jean Baptistingue10aOptimisation des algorithmes de recherche dans l'encyclopédie burundaisebune approche basée sur la recherche sémantique et le calcule par simularitécJean Baptistingue Iradukunda ; Michèle Mukeshimana, directeur aBujumburabUniversité du Burundi, Faculté des Sciences de l'Ingénieurc2025 aXI-100 f.c30 cm. aMémoire présenté à la Faculté des Sciences de l'Ingénieur en vue de l'obtention du grade de master en Génie Informatique soutenu devant le jury. 72BI-BuBUaAlgorithme de recherchexEncylopédie BurundaisexInformatique 72BI-BuBUaMémoire1 4dir.aMukeshimana, Michèle 2udccMEM c53779d53779 00102udc4071985625aBCbBCd2026-04-21eDon de l'auteurl0oR.681.3 IRA.p5010000483678r2026-04-21t1w2026-04-21yMEMi242189